Flughafencodes #7 - Statistiken

Allgemein
  • Dieses Quiz wurde 55 mal gespielt
  • Das Durchschnittsergebnis liegt bei 14 aus 15
Antwortstatistiken
Hint Antwort % Korrekt
Adelaide ADL
100%
Bahrain BAH
100%
Helsinki HEL
100%
Luxemburg LUX
100%
Santiago de Chile SCL
98%
Delhi DEL
96%
Genf GVA
96%
London Gatwick LGW
96%
Auckland AKL
93%
Porto OPO
93%
Johannesburg JNB
91%
Dschidda JED
87%
Mailand MXP
87%
Münster/Osnabrück FMO
78%
Malaga AGP
64%
Keine übereinstimmenden Quizze gefunden
Verteilung der Resultate
Anzahl Personen mit jedem Resultat
Perzentil nach korrekt beantworteten Fragen
Ihre Resultats-Entwicklung
Sie haben dieses Quiz noch nicht gespielt